000
00469nam a2200145Ia 4500
008
151213s9999 xx 000 0 und d
100
_a
সারকার আমিন।
245
_a
তাওতে চিং।
_c
সারকার আমিন।
260
_a
ঢাকা।
_b
বাংলা একাডেমী।
_c
2008
300
_a
8695 p.
650
_a
Bangla
650
_a
কবিতা
700
_a
সারকার আমিন।
999
_c
4481
_d
4481